Soutěžní právo a právo duševního vlastnictví ve vztahu k ochrane spotřebitelů

Všeobecné otázky ochrany spotrebiteľov z hľadiska súťažného práva a práva duševného vlastníctva. Úloha a vývoj práva proti nekalej súťaži pri ochrane spotrebiteľa vo svete a na území Českej republiky. Úloha kartelového práva pri ochrane spotrebiteľa. Pojem spotrebiteľ a súťažiaci. Využitie postihu n...

Ausführliche Beschreibung

Gespeichert in:
Bibliographische Detailangaben
1. Verfasser: Boháček, Martin
Format: Buchkapitel
Sprache:Tschechisch
Schlagworte:
Tags: Tag hinzufügen
Keine Tags, Fügen Sie das erste Tag hinzu!

MARC

LEADER 00000naa$a2200000$$$4500
001 0035806
005 20231114081622.4
041 0 |a cze 
044 |a CZ 
245 1 0 |a Soutěžní právo a právo duševního vlastnictví ve vztahu k ochrane spotřebitelů  |c Martin Boháček 
520 |a Všeobecné otázky ochrany spotrebiteľov z hľadiska súťažného práva a práva duševného vlastníctva. Úloha a vývoj práva proti nekalej súťaži pri ochrane spotrebiteľa vo svete a na území Českej republiky. Úloha kartelového práva pri ochrane spotrebiteľa. Pojem spotrebiteľ a súťažiaci. Využitie postihu nekalej súťaže k ochrane spotrebiteľa v práve ČR. Využitie práva duševného vlastníctva k ochrane spotrebiteľa. Ochranné známky a ochrana spotrebiteľa. Obchodná firma a ochrana spotrebiteľa. 
610 2 0 |a ochrana spotrebiteľa 
610 2 0 |a ochrana súťaže hospodárskej 
610 2 0 |a právo autorské 
610 2 0 |a právo vlastnícke 
610 2 0 |a známky ochranné 
610 2 0 |a súťaž nekalá 
610 2 0 |a vlastníctvo duševné 
610 2 0 |a vlastníctvo priemyselné 
610 2 0 |a Česko 
610 2 0 |a krajiny vyspelé 
610 2 0 |a legislatíva 
100 1 |a Boháček, Martin